| 000 | 00000nam##2200000za#4500 |
| 001 | 9.642495 |
| 003 | CaOODSP |
| 005 | 20210624223730 |
| 007 | cr ||||||||||| |
| 008 | 150407|2001||||xxc|||||o f|0| 0 fre|d |
| 040 | |aCaOODSP|bfre |
| 043 | |an-cn--- |
| 086 | 1 |aH39-576/2001F-PDF |
| 110 | 1 |aCanada. |bDirection générale des produits de santé et des aliments. |
| 245 | 10|aRapport d'évaluation des activités de l'Agence canadienne d'inspection des aliments reliées à la salubrité des fruits et des légumes frais importés |h[ressource électronique] |
| 246 | 17|aProgramme d’évaluation de la salubrité des aliments : fruits et légumes frais importés |
| 260 | |aOttawa - Ontario : |bSanté Canada. |cJuin 2001. |
| 300 | |a53p.|btableaux |
| 500 | |a« Santé Canada, Programme d'évaluation de la salubrité des aliments ». Le n° de catalogue (H39-576/2001F) et l'ISBN (0-662-85792-5) de l'édition imprimée ont été incorrectement copiés dans l'édition électronique. |
| 590 | |a13-22-Supp|b2013-09-26 |
| 691 | 07|aInspection des aliments|2gcpds |
| 691 | 07|aImportation|2gcpds |
| 691 | 07|aSécurité alimentaire|2gcpds |
| 775 | 08|tAssessment report of the Canadian Food Inspection Agency activities related to the safety of imported fresh fruits and vegetables |w(CaOODSP)9.698488 |
| 776 | 0#|tRapport d'évaluation des activités de l'Agence canadienne d'inspection des aliments reliées à la salubrité des fruits et des légumes frais importés / |w(CaOODSP)9.681491 |
| 856 | 40|ahttp://publications.gc.ca|qPDF|s226 Ko|uhttps://publications.gc.ca/collections/Collection/H39-576-2001F.pdf |